00507nam a2200145Ia 4500008004100000020001800041041001200059082002100071100001900092245011200111250001200223260003600235300000800271650008200279231217s9999 xx 000 0 und d a81-7625-397-9 aEnglish a373.54 AGG;2 R aAggarwal, D D. 0aHistory and development of secondary education in India Vol.3 : improvement of secondary education in India a1st ed. c2003bSarup and SonsaNew Delhi a275 aHistory,secondary,education,India,Vol.3,improvement,secondary,education,India